British standards for steel and steel products. (Record no. 548843)

000 -LEADER
fixed length control field 00465cam a22001691 4500
082 ## - DEWEY DECIMAL CLASSIFICATION NUMBER
Classification number 669.142
Author Mark BRI
-- D
110 2# - MAIN ENTRY--CORPORATE NAME
Corporate name or jurisdiction name as entry element British Standards Institution.
9 (RLIN) 32410
245 00 - TITLE STATEMENT
Title British standards for steel and steel products.
250 ## - EDITION STATEMENT
Edition statement 1949 edition
260 ## - PUBLICATION, DISTRIBUTION, ETC.
Place of publication, distribution, etc. London,
Date of publication, distribution, etc. 1949.
300 ## - PHYSICAL DESCRIPTION
Extent 673 p.
Other physical details illus.
Dimensions 25 cm.
490 1# - SERIES STATEMENT
Series statement Its BS handbook
526 ## - STUDY PROGRAM INFORMATION NOTE
Program name 0
Interest level 0
Reading level 0
Title point value 669_142000000000000_BRI
650 #0 - SUBJECT ADDED ENTRY--TOPICAL TERM
Topical term or geographic name entry element MCE
9 (RLIN) 379
650 #0 - SUBJECT ADDED ENTRY--TOPICAL TERM
Topical term or geographic name entry element Steel
9 (RLIN) 44868
942 ## - ADDED ENTRY ELEMENTS (KOHA)
Source of classification or shelving scheme
Koha item type Book
Holdings
Withdrawn status Lost status Source of classification or shelving scheme Damaged status Not for loan Permanent Location Current Location Date acquired Total Checkouts Full call number Barcode Date last seen Price effective from Koha item type
          Military College of Engineering (MCE) Military College of Engineering (MCE) 09/09/2014   669.142 BRI MCE-40886 09/09/2014 09/09/2014 Book
© 2023 Central Library, National University of Sciences and Technology. All Rights Reserved.